F1 Drivers 2020 - Statistics

General Stats
  • This quiz has been taken 26 times
    23 since last reset
  • The average score is 22 of 24
Answer Stats
Hint Answer % Correct
Mercedes (FIN) Bottas
100%
Alpha Tauri (FRA) Gasly
100%
Mercedes (UK) Hamilton
100%
Ferrari (MON) Leclerc
100%
Haas (DEN) Magnussen
100%
Mc Laren (UK) Norris
100%
Renault (FRA) Ocon
100%
Racing Point (MEX) Perez
100%
Mercedes (UK) Russell
100%
Williams (UK) Russell
100%
Mc Laren (SPA) Sainz
100%
Ferrari (GER) Vettel
100%
Redbull (THA) Albon
95%
Haas (FRA) Grosjean
95%
Alfa Romeo (FIN) Raikkonen
95%
Renault (AUS) Ricciardo
95%
Racing Point (CAN) Stroll
95%
Redbull (NED) Verstappen
95%
Racing Point (GER) Hulkenberg
89%
Williams (CAN) Latifi
89%
Alfa Romeo (ITA) Giovinazzi
84%
Haas (BRA) Fittipaldi
74%
Alpha Tauri (RUS) Kvyat
74%
Williams (UK) Aitken
58%
No matching quizzes found
Score Distribution
Percent of People with Each Score
Percentile by Number Answered
Your Score History
You have not taken this quiz since the last reset